00713nam a22001577a 4500999001900000020001600019082001000035100002600045245014300071260003500214300002600249942001300275650006100288700002900349952017700378 c535458d535458 qHard Cover. a670.5 aMuhammad Saeed Awan,  aOptimizing Production Efficiency of Manufacturing Assembling Line through Kilbridge& Wester Line Balancing Method /cMuhammad Saeed Awan,  aKarachi :bPNEC - NUST,c2017. a71 p. : ill. ;c30cm. 2ddccTHE a Industrial & Manufacturing Engineering MS-Thesis916120 aDr. Salman Nisar.929577 00102ddc40709498498aCLbCLcTHEd2020-09-10o670.5pCL-T-6160r2020-09-10w2020-09-10xMinute Sheet No. 0929/02/CL/Survey/5 dated 23rd April 2024 E-MIN ID 114741 yTHE